La Agenda 21: perspectivas centroamericanas /
Gardado en:
| Autor Principal: | |
|---|---|
| Formato: | Texto |
| Materias: | |
| Etiquetas: |
Engadir etiqueta
Sen Etiquetas, Sexa o primeiro en etiquetar este rexistro!
|
MARC
| LEADER | 00000 a a2200000 04500 | ||
|---|---|---|---|
| 001 | 7489 | ||
| 003 | |||
| 040 | |||
| 100 | |a Cardona Recinos, Rokael | ||
| 245 | |a La Agenda 21: |b perspectivas centroamericanas / |c Rokael Cardona Recinos | ||
| 650 | |a DESARROLLO SUSTENTABLE | ||
| 650 | |a DESPERDICIOS SOLIDOS | ||
| 650 | |a ESTADO | ||
| 650 | |a PARTICIPACION SOCIAL | ||
| 650 | |a POBREZA | ||
| 650 | |a URBANIZACION | ||
| 650 | |a MODERNIZACION | ||
| 650 | |a ESTADO | ||
| 650 | |a COOPERACION INTERNACIONAL | ||
| 773 | |g número 9; páginas 51-67 | ||
| 999 | |c 28843 |d 28843 | ||
